000 02381nam a2200397 i 4500
001 193596
003 ES-MaACL
005 20250711063121.0
007 ta
008 220602s2022 spc|||| |||| 0|1 0dspa|
017 _aB 40-2022
_bOficina Depósito Legal Barcelona
020 _a9788413611310
040 _aES-BaBC
_bspa
_erda
_cES-BaBC
080 _a1 Ortega y Gasset, José 2.07
100 1 _aZamora Bonilla, Javier
_9117939
_eaut
245 1 0 _aOrtega y Gasset :
_bla aventura de la verdad /
_cJavier Zamora Bonilla ; prólogo de Antonio Garrigues Walker
264 1 _a[Barcelona] :
_bShackleton Books,
_c[2022]
300 _a192 páginas :
_bilustraciones (blanco y negro) ;
_c21 cm
336 _aTexto
_btxt
_2rdacontent
337 _asin mediación
_bn
_2rdamedia
338 _avolumen
_bnc
_2rdacarrier
500 _aÍndice
500 _aCronología
504 _aBibliografía: páginas 169-184
520 _aUna excepcional introducción a la vida y la obra de Ortega y Gasset de la mano del principal especialista en el pensamiento del filósofo español. José Ortega y Gasset (1883-1955) es la figura más importante del pensamiento español del siglo xx. En este nuevo libro, Javier Zamora Bonilla presenta una síntesis de muchos años de investigación sobre la biografía y la obra del filósofo, entrelazando ambas en el contexto histórico donde se desarrollaron. Al hilo de la biografía de Ortega y Gasset, se expone su filosofía de la razón vital e histórica y su pensamiento político, así como la actuación pública del intelectual que puso los fundamentos de la filosofía contemporánea en España con una obra fecunda en ideas innovadoras.
600 1 4 _aOrtega y Gasset, José,
_d1883-1955-
_xCrítica e interpretación
_987505
700 1 _aGarrigues Walker, Antonio,
_d1934-
_955772
_eaui
852 _aES-MaACL
_cDEPOJ
_jN-9602
_gDedicatoria autógrafa del autor
_hDonación: Javier Zamora Bonilla
_bR. 154480
_9201058
_xEncuadernación rústica con solapas
903 _9117939
_aZamora Bonilla, Javier
_ednr
942 _n0
_cMONOGRAFIA
999 _c193596
_d193596